1222 1577 1274 1572 1765 1970 1733 1730 1778 1097 1399 1732 1280 1667 1099 1752 1829 1323 1421 1484 1139 1635 1546 1492 1140 1276 1652 1264 1220 1638 1758 1642 1718 1689 1861 1325 1628 1871 1325 1497 1953 1004 1781 1537 1199 1321 1565 1543 1929 1422 1406 1789 1708 1207 1023 1498 1477 1581 1771 1258 1292 1927 1544 1140 1703 1262 1309 1142 1712 1050 1054 1711 1050 1789 1408 1792 1627 1558 1189 1644 1260 1000 1958 1587 1493 1403 1185 1077 1404 1058 1914 1514 1569 1712 1770 1649 1262 1599 1793 BCNSPRNW ULIB Ver.6.0+V

เปลี่ยนเป็นภาษาไทย

Change to English
 แสดงรายละเอียดบรรณานุกรม
  กลับหน้าหลัก

Brief Record : Get Marc (ISO 2709) : E-mail record : QR code < ปิดหน้าต่าง
LEADER : 00000nam a2200000Ia 4500
001    13399125453
003     ULIB
008    160613s2559 th a b 000 0 tha d
020    ^a9786162798504
040    ^absi
060 04 ^aWQ204^bต367
245 00 ^aตำราประกอบภาพ :^bภาวะวิกฤติทางสูติกรรม = An illustratedtextbook : obstetric crisis /^cวิทยา ถิฐาพันธ์, ตรีภพเลิศบรรณพงษ์, บรรณาธิการ
246 30 ^aภาวะวิกฤติทางสูติกรรม
246 31 ^aAn illustrated textbook :^bobstetric crisis
246 31 ^aObstetric crisis
250    ^aพิมพ์ครั้งที่ 1
260    ^aกรุงเทพฯ :^bภาควิชาสูติศาสตร์-นรีเวชวิทยา คณะแพทยศาสตร์ศิริราชพยาบาลมหาวิทยาลัยมหิดล,^c2559
300    ^axii, 216 หน้า :^bภาพประกอบสี ;^c26 ซม.
650  2 ^aObstetrics
650  2 ^aPregnancy Complications
650  4 ^aการคลอด
650  4 ^aภาวะแทรกซ้อนขณะคลอด
650  4 ^aสูติศาสตร์
653    ^aผลงานอาจารย์คณะแพทยศาสตร์ศิริราชพยาบาล
700 0  ^aวิทยา ถิฐาพันธ์,^eบรรณาธิการ
700 0  ^aตรีภพ เลิศบรรณพงษ์,^eบรรณาธิการ
710 2  ^aมหาวิทยาลัยมหิดล.^bคณะแพทยศาสตร์ศิริราชพยาบาล.^bภาควิชาสูติศาสตร์-นรีเวชวิทยา
945    ^p500^l0^i25087
945    ^p500^l0^i25088
945    ^p500^l0^i25089
945    ^p500^l0^i25090
995    ^aกัณชพร
999    ^aกัณชพร
รายการนี้ยังไม่มีแท็ก
คุณยังไม่ได้ล็อกอิน คุณสามารถมีกิจกรรมร่วมกับเว็บไซต์ได้ แต่ต้องล็อกอินก่อน ::
  ล็อกอิน

รายการสื่อสารสนเทศ

ลำดับที่ ประเภท เลขเรียก/บาร์โค้ด สถานที่ สถานะ
1. หนังสือสำรอง
หนังสือสำรอง
WQ204 ต367 ฉ.1 
  Barcode: 25087
ห้องสมุดวิทยาเขตนครสวรรค์
►หนังสือทั่วไป:l:General Books
บนชั้น
2. วิทยาศาสตร์การแพทย์ และสุขภาพ
วิทยาศาสตร์การแพทย์ และสุขภาพ
WQ204 ต367 ฉ.2 
  Barcode: 25088
ห้องสมุดวิทยาเขตนครสวรรค์
►หนังสือทั่วไป:l:General Books
บนชั้น
3. วิทยาศาสตร์การแพทย์ และสุขภาพ
วิทยาศาสตร์การแพทย์ และสุขภาพ
WQ204 ต367 ฉ.3 
  Barcode: 25089
ห้องสมุดวิทยาเขตนครสวรรค์
►หนังสือทั่วไป:l:General Books
บนชั้น
4. วิทยาศาสตร์การแพทย์ และสุขภาพ
วิทยาศาสตร์การแพทย์ และสุขภาพ
WQ204 ต367 ฉ.4 
  Barcode: 25090
ห้องสมุดวิทยาเขตนครสวรรค์
►หนังสือทั่วไป:l:General Books
บนชั้น

รายการใกล้เคียง
    หัวเรื่อง [Obstetrics]
    หัวเรื่อง [Pregnancy Complications]
    หัวเรื่อง [การคลอด]
    หัวเรื่อง [ภาวะแทรกซ้อนขณะคลอด]
    หัวเรื่อง [สูติศาสตร์]

BibComment


ยังไม่เคยถูกคอมเมนท์

คอมเมนท์ทรัพยากรรายการนี้
  คอมเมนท์: ตำราประกอบภาพ ภ..


 Copyright 2026. Bcnsprnw @Library